[Event "2. Bundesliga Ost 2017/2018"]
[Site "alle Wien"]
[Date "2018.01.13"]
[Round "6"]
[Board "2"]
[White "Petran, Peter"]
[Black "Ehs, Dominik"]
[Result "1-0"]
[WhiteElo "2315"]
[BlackElo "2082"]
[PlyCount "97"]
[EventDate "2017.10.21"]
[EventType "team"]
[EventRounds "11"]
[EventCountry "AUT"]
[WhiteTeam "ASVOE Mattersburg"]
[BlackTeam "SK Mostarrichi"]

1. g3 g6 2. Bg2 Bg7 3. e4 c5 4. Ne2 Nc6 5. c3 e5 6. d3 Nge7 7. Be3 d6 8. O-O
O-O 9. d4 cxd4 10. cxd4 Bg4 11. f3 Bd7 12. d5 Na5 13. Na3 b5 14. Qd2 Nc4 15.
Nxc4 bxc4 16. Rfc1 Bb5 17. a4 Ba6 18. Nc3 Qd7 19. Bf1 Rab8 20. Nb5 Bxb5 21.
axb5 Qxb5 22. Rxa7 Nc8 23. Rc7 Qxb2 24. Qxb2 Rxb2 25. R1xc4 Nb6 26. R4c6 Na8
27. Rd7 f5 28. exf5 gxf5 29. Rcxd6 f4 30. gxf4 Rb3 31. Kf2 exf4 32. Ba7 Ra3 33.
Ra6 Rb3 34. Bh3 Rb2+ 35. Kf1 Rb1+ 36. Ke2 Rb2+ 37. Kd3 Rb3+ 38. Kc4 Rc3+ 39.
Kb4 Rxf3 40. Rxg7+ Kxg7 41. Bd4+ Kf7 42. Be6+ Ke7 43. Bc5+ Kf6 44. Bg4+ Kg5 45.
Bxf3 Rb8+ 46. Kc4 Nc7 47. Rc6 Ne8 48. Be7+ Kf5 49. d6  1-0

[Event "2. Bundesliga Ost 2017/2018"]
[Site "alle Wien"]
[Date "2018.01.13"]
[Round "6"]
[Board "3"]
[White "Steiner, Heinz"]
[Black "Brod, Manfred"]
[Result "1/2-1/2"]
[WhiteElo "2141"]
[BlackElo "2244"]
[PlyCount "47"]
[EventDate "2017.10.21"]
[EventType "team"]
[EventRounds "11"]
[EventCountry "AUT"]
[WhiteTeam "SK Mostarrichi"]
[BlackTeam "ASVOE Mattersburg"]

1. d4 d5 2. Nf3 Nf6 3. Bg5 Nbd7 4. e3 e6 5. Bd3 c5 6. c3 Qb6 7. b3 Ne4 8. Bf4
f5 9. O-O Be7 10. Ne5 O-O 11. f3 g5 12. Nxd7 Bxd7 13. Be5 Nd6 14. Nd2 Nf7 15.
Bg3 Bb5 16. Qe2 Bxd3 17. Qxd3 Rfd8 18. Bf2 Bf6 19. Rac1 cxd4 20. exd4 Rac8 21.
Rfe1 Rc6 22. h3 Rd7 23. Re2 Nd8 24. g3  1/2-1/2

[Event "2. Bundesliga Ost 2017/2018"]
[Site "alle Wien"]
[Date "2018.01.13"]
[Round "6"]
[Board "4"]
[White "Strodl, Joachim"]
[Black "Rechberger, Franz"]
[Result "0-1"]
[WhiteElo "2164"]
[BlackElo "2141"]
[PlyCount "84"]
[EventDate "2017.10.21"]
[EventType "team"]
[EventRounds "11"]
[EventCountry "AUT"]
[WhiteTeam "ASVOE Mattersburg"]
[BlackTeam "SK Mostarrichi"]

1. c4 c5 2. g3 Nc6 3. Bg2 Nf6 4. Nc3 g6 5. e3 Bg7 6. Nge2 O-O 7. O-O Rb8 8. d4
d6 9. Rb1 Bf5 10. e4 Bd7 11. d5 Na5 12. Qd3 a6 13. Bf4 b5 14. b3 bxc4 15. bxc4
Qc7 16. Bd2 Rb4 17. Rxb4 cxb4 18. Nb1 Rb8 19. Rc1 Ng4 20. Nd4 Qb6 21. Be3 Nxe3
22. fxe3 Nb7 23. Nd2 Nc5 24. Qe2 a5 25. Rb1 Na4 26. Qd3 Nc3 27. Rb2 Nd1 28. Rb1
Nxe3 29. N2f3 Ng4 30. Bh3 Nf2 31. Kxf2 Bxh3 32. Ke2 Bd7 33. h4 Qa6 34. Nd2 Be5
35. Kf3 Qa7 36. Ne2 f5 37. Re1 a4 38. Nf4 fxe4+ 39. Qxe4 Bf5 40. Qe3 Qxe3+ 41.
Rxe3 b3 42. axb3 a3  0-1

[Event "2. Bundesliga Ost 2017/2018"]
[Site "alle Wien"]
[Date "2018.01.13"]
[Round "6"]
[Board "5"]
[White "Poell, Markus"]
[Black "Salamon, Werner"]
[Result "1-0"]
[WhiteElo "2125"]
[BlackElo "2162"]
[PlyCount "90"]
[EventDate "2017.10.21"]
[EventType "team"]
[EventRounds "11"]
[EventCountry "AUT"]
[WhiteTeam "SK Mostarrichi"]
[BlackTeam "ASVOE Mattersburg"]

1. d4 Nf6 2. Bf4 d5 3. e3 e6 4. Bd3 Bd6 5. Bg3 O-O 6. Nd2 b6 7. Qe2 c5 8. c3
Bb7 9. Ngf3 Ne4 10. Bxd6 Qxd6 11. O-O Nd7 12. a4 Nxd2 13. Qxd2 e5 14. dxe5 Nxe5
15. Be2 Rad8 16. Nxe5 Qxe5 17. Bf3 Bc8 18. Rfd1 Be6 19. a5 Rd6 20. axb6 axb6
21. Ra4 Rfd8 22. b4 cxb4 23. Rxb4 g6 24. Rd4 Rc8 25. c4 Rdc6 26. cxd5 Rc2 27.
Qb4 Bd7 28. Qxb6 Rb8 29. Qa7 Qd6 30. Qa5 Rb5 31. Qe1 Rbb2 32. e4 Qc5 33. R4d2
Rxd2 34. Rxd2 Qc3 35. Rd1 Qe5 36. Qa5 Bb5 37. Qa1 Qc3 38. Qa7 Be2 39. Bxe2 Rxe2
40. Qb8+ Kg7 41. Qb1 Rb2 42. Qc1 Rc2 43. Qa1 Rb2 44. d6 Qc2 45. Qxb2+ Qxb2  1-0

[Event "2. Bundesliga Ost 2017/2018"]
[Site "alle Wien"]
[Date "2018.01.13"]
[Round "6"]
[Board "6"]
[White "Wiedner, Robert"]
[Black "Ly, Daniel"]
[Result "1-0"]
[WhiteElo "2157"]
[BlackElo "2041"]
[PlyCount "79"]
[EventDate "2017.10.21"]
[EventType "team"]
[EventRounds "11"]
[EventCountry "AUT"]
[WhiteTeam "ASVOE Mattersburg"]
[BlackTeam "SK Mostarrichi"]

1. Nf3 c5 2. c4 Nf6 3. d4 cxd4 4. Nxd4 g6 5. Nc3 Bg7 6. g3 Nc6 7. Bg2 Ng4 8. e3
Nge5 9. b3 O-O 10. O-O Nxd4 11. exd4 Nc6 12. Be3 d6 13. Qd2 Bf5 14. h3 Re8 15.
Kh2 h5 16. Rac1 Qd7 17. Ne2 Rad8 18. d5 Ne5 19. Nd4 a6 20. Nxf5 Qxf5 21. f4 Nd7
22. Qc2 Qxc2 23. Rxc2 b5 24. cxb5 axb5 25. a4 bxa4 26. bxa4 Ra8 27. Rc7 Nf6 28.
Ba7 Bh6 29. a5 g5 30. f5 g4 31. h4 Kf8 32. Rb1 Bd2 33. Rb5 Rec8 34. Rxc8+ Rxc8
35. a6 Nd7 36. Rb2 Bc3 37. Rb7 Nc5 38. Bxc5 dxc5 39. d6 Be5 40. dxe7+  1-0

[Event "2. Bundesliga Ost 2017/2018"]
[Site "alle Wien"]
[Date "2018.01.13"]
[Round "6"]
[Board "1"]
[White "Videki, Sandor"]
[Black "Sadilek, Peter"]
[Result "1/2-1/2"]
[WhiteElo "2416"]
[BlackElo "2298"]
[PlyCount "45"]
[EventDate "2017.10.21"]
[EventType "team"]
[EventRounds "11"]
[EventCountry "AUT"]
[WhiteTeam "SC Data Technology Pressbaum/E."]
[BlackTeam "tschaturanga"]

1. e4 d6 2. d4 Nf6 3. Nc3 g6 4. f4 Bg7 5. Bd3 O-O 6. Nf3 Nc6 7. e5 dxe5 8. fxe5
Nh5 9. Be3 Bg4 10. Be2 f6 11. exf6 exf6 12. O-O Re8 13. Qd2 Ne7 14. Bd3 Nf5 15.
Bxf5 Bxf5 16. d5 Qd7 17. Nd4 Re5 18. Nxf5 Rxf5 19. Rfe1 Re8 20. g4 Rfe5 21. h3
Bf8 22. Kg2 Ng7 23. Bd4  1/2-1/2

[Event "2. Bundesliga Ost 2017/2018"]
[Site "alle Wien"]
[Date "2018.01.13"]
[Round "6"]
[Board "2"]
[White "Morgunov, Marc"]
[Black "Rumpl, Erwin"]
[Result "1-0"]
[WhiteElo "2203"]
[BlackElo "2267"]
[PlyCount "87"]
[EventDate "2017.10.21"]
[EventType "team"]
[EventRounds "11"]
[EventCountry "AUT"]
[WhiteTeam "tschaturanga"]
[BlackTeam "SC Data Technology Pressbaum/E."]

1. e4 e6 2. d3 d5 3. Nd2 Nf6 4. g3 g6 5. Bg2 Bg7 6. Ngf3 O-O 7. O-O c5 8. Re1
Nc6 9. c3 b6 10. Nf1 Bb7 11. e5 Nd7 12. Bf4 Qc7 13. Qe2 Rac8 14. h4 b5 15. N1h2
d4 16. cxd4 cxd4 17. Qd2 Rfd8 18. Ng4 Qa5 19. Qxa5 Nxa5 20. Nxd4 Bxg2 21. Kxg2
Nc5 22. Nxb5 Nxd3 23. Re2 Nxf4+ 24. gxf4 Rc4 25. Kg3 Rd3+ 26. f3 Nc6 27. Nf2
Rd5 28. Nc3 Nd4 29. Re4 Nf5+ 30. Kg2 Rdc5 31. Kh3 h5 32. Rd1 Bf8 33. Rxc4 Rxc4
34. Nfe4 Be7 35. Rd7 a6 36. Ra7 Rd4 37. Nf6+ Bxf6 38. exf6 Rxf4 39. Ne4 Rxf3+
40. Kh2 Nxh4 41. Ra8+ Kh7 42. Ng5+ Kh6 43. Nxf7+ Kh7 44. Rh8#  1-0

[Event "2. Bundesliga Ost 2017/2018"]
[Site "alle Wien"]
[Date "2018.01.13"]
[Round "6"]
[Board "3"]
[White "Neumeier, Klaus"]
[Black "Sadilek, Maximilian"]
[Result "1/2-1/2"]
[WhiteElo "2302"]
[BlackElo "2271"]
[PlyCount "68"]
[EventDate "2017.10.21"]
[EventType "team"]
[EventRounds "11"]
[EventCountry "AUT"]
[WhiteTeam "SC Data Technology Pressbaum/E."]
[BlackTeam "tschaturanga"]

1. Nf3 g6 2. g3 Bg7 3. d4 f5 4. Bg2 Nf6 5. O-O O-O 6. b3 e6 7. Bb2 d6 8. Nbd2
Nc6 9. Nc4 Qe7 10. a4 Bd7 11. a5 a6 12. Ne1 Rae8 13. Nd3 Nd8 14. Nce5 Bc8 15.
c4 Ne4 16. Nf3 Nf7 17. Nd2 Nxd2 18. Qxd2 e5 19. dxe5 Nxe5 20. Nf4 c6 21. Rad1
Rd8 22. Bd4 Rde8 23. Bb6 Nf7 24. h4 Be5 25. e3 Kg7 26. Rfe1 h6 27. h5 gxh5 28.
Nxh5+ Kg6 29. Nf4+ Kh7 30. Nd3 Qf6 31. Qc2 Qg7 32. Nf4 Ng5 33. Nh5 Qg6 34. Nf4
Qg7  1/2-1/2

[Event "2. Bundesliga Ost 2017/2018"]
[Site "alle Wien"]
[Date "2018.01.13"]
[Round "6"]
[Board "4"]
[White "Morgunov, Daniel"]
[Black "Hechl, Gerald"]
[Result "0-1"]
[WhiteElo "2231"]
[BlackElo "2325"]
[PlyCount "55"]
[EventDate "2017.10.21"]
[EventType "team"]
[EventRounds "11"]
[EventCountry "AUT"]
[WhiteTeam "tschaturanga"]
[BlackTeam "SC Data Technology Pressbaum/E."]

1. e4 a6 2. d4 b5 3. Bd3 Bb7 4. Nf3 Nf6 5. Qe2 e6 6. O-O c5 7. c3 Nc6 8. d5 Ne7
9. d6 Ng6 10. e5 Bxf3 11. gxf3 Nd5 12. Qe4 Bxd6 13. exd6 f5 14. Qe1 Ndf4 15.
Bxf4 Nxf4 16. Kh1 Nxd3 17. Qe3 Nxb2 18. Nd2 c4 19. f4 Qb8 20. Rab1 Qb7+ 21. f3
Na4 22. Qe5 O-O 23. Nxc4 Qc6 24. Nb2 Nb6 25. Rbc1 Rac8 26. Rc2 Qd5 27. Qxd5
Nxd5 28. Re1  0-1

[Event "2. Bundesliga Ost 2017/2018"]
[Site "alle Wien"]
[Date "2018.01.13"]
[Round "6"]
[Board "5"]
[White "Weissenbeck, Manuel"]
[Black "Chirita-Mihaila, Marius-Consta"]
[Result "1-0"]
[WhiteElo "2268"]
[BlackElo "2086"]
[PlyCount "45"]
[EventDate "2017.10.21"]
[EventType "team"]
[EventRounds "11"]
[EventCountry "AUT"]
[WhiteTeam "SC Data Technology Pressbaum/E."]
[BlackTeam "tschaturanga"]

1. d4 g6 2. e4 Bg7 3. Nc3 d6 4. Be3 a6 5. f4 b5 6. Bd3 Nf6 7. Nf3 O-O 8. e5
dxe5 9. fxe5 Ng4 10. Qd2 Nd7 11. Bf4 c5 12. h3 cxd4 13. hxg4 dxc3 14. Qxc3 Nb6
15. Bh6 Bxh6 16. Rxh6 Bxg4 17. O-O-O Bxf3 18. gxf3 Qc8 19. Qd4 Qe6 20. Rdh1 Nc4
21. Qh4 Nxe5 22. Rxg6+ Nxg6 23. Qxh7#  1-0

[Event "2. Bundesliga Ost 2017/2018"]
[Site "alle Wien"]
[Date "2018.01.13"]
[Round "6"]
[Board "6"]
[White "Leitner, Gerald"]
[Black "Schmidrathner, Christian"]
[Result "1-0"]
[WhiteElo "2118"]
[BlackElo "2049"]
[PlyCount "75"]
[EventDate "2017.10.21"]
[EventType "team"]
[EventRounds "11"]
[EventCountry "AUT"]
[WhiteTeam "tschaturanga"]
[BlackTeam "SC Data Technology Pressbaum/E."]

1. d4 Nf6 2. c4 c5 3. d5 b5 4. cxb5 a6 5. bxa6 g6 6. Nc3 Bxa6 7. Nf3 d6 8. g3
Bg7 9. Bg2 O-O 10. O-O Nbd7 11. Qc2 Qa5 12. Rd1 Rfb8 13. h3 Ne8 14. Bd2 Nc7 15.
Be1 Nb5 16. Ne4 Qb6 17. Rab1 Bb7 18. a4 Nc7 19. b4 Bxd5 20. bxc5 Qc6 21. Rxb8+
Rxb8 22. Nd4 Bxd4 23. Rxd4 f5 24. Rxd5 Nxd5 25. Nc3 e6 26. Nxd5 exd5 27. Qd3
Qxc5 28. Bxd5+ Kf8 29. Bd2 Ne5 30. Bh6+ Ke7 31. Qd2 Nf7 32. Be3 Qb4 33. Bg5+
Nxg5 34. Qxg5+ Kd7 35. Qe3 Rf8 36. Qa7+ Kd8 37. Be6 Qb1+ 38. Kh2  1-0

[Event "2. Bundesliga Ost 2017/2018"]
[Site "alle Wien"]
[Date "2018.01.14"]
[Round "7"]
[Board "1"]
[White "Sadilek, Peter"]
[Black "Jankovic, Alojzije"]
[Result "0-1"]
[WhiteElo "2298"]
[BlackElo "2568"]
[PlyCount "52"]
[EventDate "2017.10.21"]
[EventType "team"]
[EventRounds "11"]
[EventCountry "AUT"]
[WhiteTeam "tschaturanga"]
[BlackTeam "SK Advisory Invest Baden"]

1. d4 Nf6 2. Nf3 g6 3. Bg5 Bg7 4. Nbd2 O-O 5. c3 d6 6. e4 h6 7. Bh4 Nc6 8. Bd3
e5 9. dxe5 dxe5 10. Qc2 Qe8 11. Bxf6 Bxf6 12. Nc4 Bg7 13. Ne3 Nd8 14. O-O Ne6
15. a4 Kh8 16. Bc4 c6 17. Rfd1 Nf4 18. Rd6 Qe7 19. Rad1 Nd5 20. Nxd5 Qxd6 21.
Nb6 Qc5 22. Nxa8 Qxc4 23. b4 Bg4 24. Nc7 Rc8 25. Qd2 Qxe4 26. Re1 Qf5  0-1

[Event "2. Bundesliga Ost 2017/2018"]
[Site "alle Wien"]
[Date "2018.01.14"]
[Round "7"]
[Board "2"]
[White "Sharashenidze, Akaki"]
[Black "Morgunov, Marc"]
[Result "1-0"]
[WhiteElo "2351"]
[BlackElo "2203"]
[PlyCount "69"]
[EventDate "2017.10.21"]
[EventType "team"]
[EventRounds "11"]
[EventCountry "AUT"]
[WhiteTeam "SK Advisory Invest Baden"]
[BlackTeam "tschaturanga"]

1. e4 c5 2. Nf3 d6 3. Bb5+ Nd7 4. O-O Ngf6 5. Re1 e6 6. c3 a6 7. Ba4 b5 8. Bc2
c4 9. b3 e5 10. Qe2 Qc7 11. a4 cxb3 12. Bxb3 Nc5 13. Ba2 bxa4 14. Bd5 Nxd5 15.
exd5 Be7 16. d4 Nb3 17. Rxa4 exd4 18. Bf4 Bb7 19. Nxd4 Nxd4 20. Rxd4 Kf8 21.
Re4 Re8 22. c4 Qd7 23. Nd2 f5 24. Re6 Kf7 25. Nf3 g6 26. Bg5 Bd8 27. Bxd8 Qxd8
28. Ng5+ Qxg5 29. Rxe8 Rxe8 30. Qxe8+ Kg7 31. Re7+ Kh6 32. Qf8+ Kh5 33. Rxh7+
Kg4 34. h3+ Kf4 35. Qe8  1-0

[Event "2. Bundesliga Ost 2017/2018"]
[Site "alle Wien"]
[Date "2018.01.14"]
[Round "7"]
[Board "3"]
[White "Sadilek, Maximilian"]
[Black "Ly, Dominik"]
[Result "0-1"]
[WhiteElo "2271"]
[BlackElo "2286"]
[PlyCount "74"]
[EventDate "2017.10.21"]
[EventType "team"]
[EventRounds "11"]
[EventCountry "AUT"]
[WhiteTeam "tschaturanga"]
[BlackTeam "SK Advisory Invest Baden"]

1. d4 d5 2. e3 Nf6 3. Nf3 e6 4. Nbd2 b6 5. Ne5 Bb7 6. Bd3 Be7 7. O-O O-O 8. f4
Ne4 9. c4 c5 10. cxd5 Nxd2 11. Bxd2 Bxd5 12. Bc3 Nc6 13. dxc5 Bxc5 14. Qh5
Bxe3+ 15. Kh1 f5 16. Rad1 Nxe5 17. Bxe5 Qe8 18. Qe2 Bc5 19. Bb5 Qf7 20. b3 Rfd8
21. Rc1 a5 22. Rc3 Ra7 23. Rfc1 Be4 24. a3 Bxa3 25. Rc8 Qf8 26. R8c7 Bxc1 27.
Rxa7 Rd2 28. Qf1 Bxg2+ 29. Qxg2 Rxg2 30. Kxg2 Qd8 31. Rxg7+ Kf8 32. Rd7 Qh4 33.
Bd6+ Kg8 34. Bc4 Bxf4 35. Bxe6+ Kh8 36. Bc7 Qxh2+ 37. Kf1 Qh3+  0-1

[Event "2. Bundesliga Ost 2017/2018"]
[Site "alle Wien"]
[Date "2018.01.14"]
[Round "7"]
[Board "4"]
[White "Dzierzenga, Stefan"]
[Black "Chirita-Mihaila, Marius-Consta"]
[Result "1/2-1/2"]
[WhiteElo "2191"]
[BlackElo "2086"]
[PlyCount "81"]
[EventDate "2017.10.21"]
[EventType "team"]
[EventRounds "11"]
[EventCountry "AUT"]
[WhiteTeam "SK Advisory Invest Baden"]
[BlackTeam "tschaturanga"]

1. e4 g6 2. d4 Bg7 3. Nc3 d6 4. Be3 a6 5. f3 b5 6. Qd2 Bb7 7. O-O-O Nd7 8. Kb1
Rc8 9. g4 c5 10. dxc5 Nxc5 11. Bd4 Nf6 12. g5 Nh5 13. Bh3 Ne6 14. Bxg7 Nhxg7
15. Nge2 Rc5 16. Rhg1 O-O 17. Nd4 Nxd4 18. Qxd4 Ne6 19. Bxe6 fxe6 20. h4 Qc8
21. Qd3 Kf7 22. Ne2 Ke8 23. Nd4 e5 24. Nb3 Rc7 25. Rh1 Qe6 26. Na5 Qf7 27. Rhf1
Bc8 28. a3 Qf4 29. Qd2 Qxh4 30. Qe3 Qf4 31. Qb6 Kd7 32. Rd3 Qxg5 33. Rfd1 Qf6
34. Nb3 h5 35. Nc5+ Rxc5 36. Qxc5 Rd8 37. a4 bxa4 38. Qa5 Ke8 39. Qxa4+ Kf7 40.
Qa5 Rd7 41. Qa4  1/2-1/2

[Event "2. Bundesliga Ost 2017/2018"]
[Site "alle Wien"]
[Date "2018.01.14"]
[Round "7"]
[Board "5"]
[White "Leitner, Gerald"]
[Black "Juenger, Heinz"]
[Result "1-0"]
[WhiteElo "2118"]
[BlackElo "2116"]
[PlyCount "99"]
[EventDate "2017.10.21"]
[EventType "team"]
[EventRounds "11"]
[EventCountry "AUT"]
[WhiteTeam "tschaturanga"]
[BlackTeam "SK Advisory Invest Baden"]

1. d4 Nf6 2. c4 g6 3. Nc3 d5 4. Nf3 Bg7 5. Bf4 O-O 6. e3 c5 7. dxc5 Qa5 8. Rc1
dxc4 9. Bxc4 Qxc5 10. Bb3 Nc6 11. O-O Qa5 12. h3 Bf5 13. Qe2 Ne4 14. Nxe4 Bxe4
15. Ng5 Bd5 16. Bxd5 Qxd5 17. b3 h6 18. Nf3 e5 19. e4 Qa5 20. Be3 Nd4 21. Bxd4
exd4 22. Rfd1 Rad8 23. Rc4 Qb6 24. Qd3 Rd7 25. Rdc1 Rfd8 26. Rc8 Rxc8 27. Rxc8+
Rd8 28. Rxd8+ Qxd8 29. a4 Qd6 30. g3 Qb4 31. Kf1 Kf8 32. Ne1 a6 33. Nc2 Qc5 34.
f4 g5 35. e5 gxf4 36. gxf4 f6 37. Nxd4 Qd5 38. e6 Qh1+ 39. Ke2 Qh2+ 40. Kd1
Qxf4 41. Nf5 Kg8 42. e7 Qe5 43. Qd8+ Kf7 44. e8=Q+ Qxe8 45. Qxe8+ Kxe8 46.
Nxg7+ Kf7 47. Nf5 Kg6 48. Nd6 Kg5 49. Nxb7 Kh4 50. b4  1-0

[Event "2. Bundesliga Ost 2017/2018"]
[Site "alle Wien"]
[Date "2018.01.14"]
[Round "7"]
[Board "6"]
[White "Herndlbauer, Martin"]
[Black "Rother, Moritz"]
[Result "0-1"]
[WhiteElo "2079"]
[BlackElo "2106"]
[PlyCount "60"]
[EventDate "2017.10.21"]
[EventType "team"]
[EventRounds "11"]
[EventCountry "AUT"]
[WhiteTeam "SK Advisory Invest Baden"]
[BlackTeam "tschaturanga"]

1. Nf3 Nf6 2. e3 c5 3. d4 cxd4 4. exd4 g6 5. c4 Bg7 6. Nc3 O-O 7. h3 d5 8. c5
b6 9. b4 a5 10. Na4 Nfd7 11. Bb5 axb4 12. c6 Nf6 13. Bf4 Na6 14. O-O Nc7 15.
Bd3 Ne6 16. Bh2 Ne8 17. Rc1 Nd6 18. Re1 Qc7 19. Qb3 Qa7 20. Nb2 Nxd4 21. Nxd4
Bxd4 22. Qxb4 Bc5 23. Qh4 Nf5 24. Bxf5 Bxf5 25. Rxc5 bxc5 26. Rxe7 Qxe7 27.
Qxe7 Rfe8 28. Qxe8+ Rxe8 29. g4 Bc2 30. Bd6 c4  0-1

[Event "2. Bundesliga Ost 2017/2018"]
[Site "alle Wien"]
[Date "2018.01.14"]
[Round "7"]
[Board "1"]
[White "Schroll, Gerhard"]
[Black "Videki, Sandor"]
[Result "1/2-1/2"]
[WhiteElo "2293"]
[BlackElo "2416"]
[PlyCount "60"]
[EventDate "2017.10.21"]
[EventType "team"]
[EventRounds "11"]
[EventCountry "AUT"]
[WhiteTeam "ASVOE Mattersburg"]
[BlackTeam "SC Data Technology Pressbaum/E."]

1. e4 d6 2. d4 Nf6 3. Nc3 g6 4. Be3 a6 5. Nf3 Bg7 6. Bd3 O-O 7. Qd2 Nc6 8. d5
Nb8 9. Bh6 c6 10. Bxg7 Kxg7 11. O-O b5 12. dxc6 Nxc6 13. Nd5 e6 14. Nxf6 Qxf6
15. c3 Rb8 16. Rfd1 Rd8 17. Qe2 Ne5 18. Nxe5 Qxe5 19. a4 b4 20. Bxa6 bxc3 21.
bxc3 Bxa6 22. Qxa6 Qxe4 23. a5 d5 24. Qf1 Rdc8 25. Ra3 Rc7 26. a6 Ra7 27. Rd4
Qb1 28. Rd1 Qe4 29. Rd4 Qb1 30. Rd1 Qe4  1/2-1/2

[Event "2. Bundesliga Ost 2017/2018"]
[Site "alle Wien"]
[Date "2018.01.14"]
[Round "7"]
[Board "2"]
[White "Rumpl, Erwin"]
[Black "Petran, Peter"]
[Result "1/2-1/2"]
[WhiteElo "2267"]
[BlackElo "2315"]
[PlyCount "67"]
[EventDate "2017.10.21"]
[EventType "team"]
[EventRounds "11"]
[EventCountry "AUT"]
[WhiteTeam "SC Data Technology Pressbaum/E."]
[BlackTeam "ASVOE Mattersburg"]

1. b3 e5 2. Bb2 d6 3. g3 g6 4. d4 Nd7 5. dxe5 dxe5 6. Nf3 Bg7 7. e4 Ne7 8. h4
h6 9. h5 g5 10. Bh3 f6 11. Nc3 O-O 12. Ba3 f5 13. Nd5 c5 14. Nxe7+ Qxe7 15.
Bxf5 Rxf5 16. exf5 e4 17. Nh2 Qe5 18. O-O Qxf5 19. Rb1 Ne5 20. Bb2 Be6 21. Bxe5
Bxe5 22. Qe2 Rf8 23. Rbe1 Bd4 24. Qxe4 Bxf2+ 25. Rxf2 Qxf2+ 26. Kh1 Bh3 27.
Qg6+ Kh8 28. Qxh6+ Kg8 29. Qg6+ Kh8 30. Qh6+ Kg8 31. Qxg5+ Kh8 32. Qh6+ Kg8 33.
Qg6+ Kh8 34. Qh6+  1/2-1/2

[Event "2. Bundesliga Ost 2017/2018"]
[Site "alle Wien"]
[Date "2018.01.14"]
[Round "7"]
[Board "3"]
[White "Brod, Manfred"]
[Black "Neumeier, Klaus"]
[Result "1/2-1/2"]
[WhiteElo "2244"]
[BlackElo "2302"]
[PlyCount "68"]
[EventDate "2017.10.21"]
[EventType "team"]
[EventRounds "11"]
[EventCountry "AUT"]
[WhiteTeam "ASVOE Mattersburg"]
[BlackTeam "SC Data Technology Pressbaum/E."]

1. e4 e5 2. Nf3 Nc6 3. d4 exd4 4. Nxd4 Bc5 5. Be3 Qf6 6. c3 Nge7 7. Qd2 O-O 8.
Nb5 Bxe3 9. Qxe3 d5 10. Nd2 Bd7 11. Nxc7 Rac8 12. Nxd5 Nxd5 13. exd5 Rfe8 14.
Ne4 Qh4 15. O-O-O Rxe4 16. dxc6 Rxe3 17. cxd7 Rd8 18. fxe3 Qa4 19. Be2 Rxd7 20.
Rxd7 Qxd7 21. Rd1 Qc7 22. Bf3 g6 23. h3 b5 24. a3 Qe7 25. Rd3 a5 26. Kc2 b4 27.
axb4 axb4 28. cxb4 Qxb4 29. Bd5 Kg7 30. b3 Qe1 31. Rc3 Qe2+ 32. Kc1 Qe1+ 33.
Kc2 Qe2+ 34. Kc1 Qe1+  1/2-1/2

[Event "2. Bundesliga Ost 2017/2018"]
[Site "alle Wien"]
[Date "2018.01.14"]
[Round "7"]
[Board "4"]
[White "Hechl, Gerald"]
[Black "Pallitsch, Clemens"]
[Result "1-0"]
[WhiteElo "2325"]
[BlackElo "2197"]
[PlyCount "29"]
[EventDate "2017.10.21"]
[EventType "team"]
[EventRounds "11"]
[EventCountry "AUT"]
[WhiteTeam "SC Data Technology Pressbaum/E."]
[BlackTeam "ASVOE Mattersburg"]

1. d4 d5 2. c4 c6 3. cxd5 cxd5 4. Bg5 Qb6 5. Nc3 e6 6. Qd2 Nc6 7. e3 Bd6 8. Bd3
Nge7 9. Nf3 f6 10. Bh4 e5 11. dxe5 Nxe5 12. Nxe5 Bxe5 13. O-O Be6 14. Rac1 Rd8
15. Na4  1-0

[Event "2. Bundesliga Ost 2017/2018"]
[Site "alle Wien"]
[Date "2018.01.14"]
[Round "7"]
[Board "5"]
[White "Strodl, Joachim"]
[Black "Weissenbeck, Manuel"]
[Result "0-1"]
[WhiteElo "2164"]
[BlackElo "2268"]
[PlyCount "78"]
[EventDate "2017.10.21"]
[EventType "team"]
[EventRounds "11"]
[EventCountry "AUT"]
[WhiteTeam "ASVOE Mattersburg"]
[BlackTeam "SC Data Technology Pressbaum/E."]

1. c4 e5 2. g3 Nf6 3. Bg2 Bc5 4. Nc3 O-O 5. e3 Re8 6. Nge2 Nc6 7. O-O e4 8. Nf4
d6 9. Nfd5 Bf5 10. Nxf6+ Qxf6 11. f3 Qe6 12. b3 exf3 13. Bxf3 Qe5 14. Bd5 Bd3
15. Rf3 Re7 16. a3 Rae8 17. Bb2 Qg5 18. Na4 Ne5 19. Bxe5 Qxe5 20. Bxb7 Be2 21.
Qc1 Bxf3 22. Bxf3 Qf6 23. Kg2 Bxe3 24. Qd1 Bd4 25. Rb1 h5 26. Qf1 h4 27. d3 h3+
28. Kxh3 Qh6+ 29. Kg2 Qd2+ 30. Kh3 Re6 31. Bh5 Rf6 32. Qd1 Qh6 33. Qg4 c5 34.
Qh4 Rf2 35. b4 Qd2 36. Rh1 Bf6 37. Qg4 Qh6 38. bxc5 Re5 39. Qc8+ Kh7  0-1

[Event "2. Bundesliga Ost 2017/2018"]
[Site "alle Wien"]
[Date "2018.01.14"]
[Round "7"]
[Board "6"]
[White "Lucaci, Marius"]
[Black "Wiedner, Robert"]
[Result "1-0"]
[WhiteElo "2187"]
[BlackElo "2157"]
[PlyCount "45"]
[EventDate "2017.10.21"]
[EventType "team"]
[EventRounds "11"]
[EventCountry "AUT"]
[WhiteTeam "SC Data Technology Pressbaum/E."]
[BlackTeam "ASVOE Mattersburg"]

1. e4 c5 2. Nf3 a6 3. d4 cxd4 4. Nxd4 d6 5. c4 g6 6. Nc3 Bg7 7. Be3 Nf6 8. Be2
O-O 9. O-O Nbd7 10. Kh1 Nc5 11. f3 Bd7 12. Qd2 Ne6 13. Rac1 Rc8 14. b4 Re8 15.
Nb3 Ra8 16. c5 dxc5 17. e5 cxb4 18. exf6 bxc3 19. Rxc3 exf6 20. Rd3 Nf8 21. Nc5
Qc8 22. Nxd7 Nxd7 23. Rc1  1-0

[Event "2. Bundesliga Ost 2017/2018"]
[Site "alle Wien"]
[Date "2018.01.14"]
[Round "7"]
[Board "1"]
[White "Schneider-Zinner, Harald"]
[Black "Burlacu, Bogdan"]
[Result "1/2-1/2"]
[WhiteElo "2408"]
[BlackElo "2293"]
[PlyCount "59"]
[EventDate "2017.10.21"]
[EventType "team"]
[EventRounds "11"]
[EventCountry "AUT"]
[WhiteTeam "L.A. Kraftanlage Ottakring 2"]
[BlackTeam "SK Mostarrichi"]

1. Nf3 Nf6 2. g3 g6 3. b3 Bg7 4. Bb2 O-O 5. Bg2 c5 6. c4 d6 7. O-O Nc6 8. d4
cxd4 9. Nxd4 Bd7 10. Nc2 Qc8 11. Re1 Rd8 12. Nc3 Bh3 13. e4 Bxg2 14. Kxg2 e6
15. Qc1 a6 16. Ne3 b5 17. cxb5 axb5 18. Nxb5 Qb7 19. Nc3 Nb4 20. Qb1 d5 21. Na4
d4 22. Nc4 d3 23. f3 Nc2 24. Rd1 Nxe4 25. Bxg7 Kxg7 26. Qb2+ f6 27. Rab1 Ng5
28. Rf1 Qc6 29. h4 Nf7 30. Nc3  1/2-1/2